Дела о вызове из шведских университетов студентов богословия, состоящих в русском подданстве, с целью продолжения их занятий в Д...

Доступно только в Электронных читальных залах Найти на картеНа карте
RUSMARC
00005006nmc2a2200000 x 450
00110306f01-a85e-419c-8fd7-1e21f37549ad
00520170113110155.0
100##$a20140507l18031807k l0rusy0189 ca
1010#$arus
102##$aRU
2001#$aДела о вызове из шведских университетов студентов богословия, состоящих в русском подданстве, с целью продолжения их занятий в Дерптском университете и проведении других мер для назначения на должности пасторов в губерниях Дерптского округа преимущественно богословов из Дерптского университета
$j22 февраля 1803 г. - 4 апреля 1807 г.
251##$cДело
300##$aДело
300##$aОриг. заголовок дела: Дело, по представлению попечителя Дерптского университета, о вызове из шведских университетов студентов богословия из российских подданных и о том, чтоб по губерниям Дерптского округа пасторские места занимаемы были обучавшимися в Дерптском университете. Тут же о том, каким образом поступить, в случае недостатка студентов Дерптского университета, для занятия всех открывшихся в округе пасторских мест. 22 февраля 1803 г. - 19 января 1807 г
801#0$aRU
$bРГИА
$c20140507
$gRCR
801#1$aRU
$bГлавНИВЦ
$c20140507
$2rusmarc
801#2$aRU
$bПБ им. Б.Н. Ельцина
$c20170113
$gRCR
$2rusmarc
850##$aРГИА
852##$aРГИА
$eФедеральное казенное учреждение "Российский государственный исторический архив" (РГИА)
$j29
937##$hРГИА
$d11167595
$aASBIBLIO_SCAN
462#0$10015faafd89-1df2-4e8f-a0ba-1d8a620713c6
$12001
$aДела Департамента народного просвещения по Дерптскому учебному округу за 1802-1836 гг.
$1251
$cОпись
$1852
$j56
461#0$1001a74412a3-3cc5-4d21-8f0a-dfe2fbd9e72d
$12001
$aДепартамент народного просвещения Министерства народного просвещения (1803-1917)
$1251
$cФонд
$1852
$j733
215##$a40 л.
$d36,5х26 см
371##$aДокумент не является опубликованным и широко распространяемым
105##$ay###
1222#$ad
5171#$aДело, по представлению попечителя Дерптского университета, о вызове из шведских университетов студентов богословия из российских подданных и о том, чтоб по губерниям Дерптского округа пасторские места занимаемы были обучавшимися в Дерптском университете. Тут же о том, каким образом поступить, в случае недостатка студентов Дерптского университета, для занятия всех открывшихся в округе пасторских мест. 22 февраля 1803 г. - 19 января 1807 г.
035##$a10306f01-a85e-419c-8fd7-1e21f37549ad
856##$uhttp://readingroom.main.prlib.ru/item.aspx?id_node=n94227879&mode=full
Формат отображения